000
00304nam a2200121Ia 4500
008
190216s9999||||xx |||||||||||||| ||und||
100
_a
Sindhu P S
245
0
_a
Chemistry Of Atmosphere
260
_b
New Age International Publishers
_c
1998
300
_a
315p
650
_a
Chemistry-Chemistry
942
_c
BK
999
_c
2851
_d
2851